LEADER 00718nam0-22002411i-450- 001 990001146970403321 010 $a0-8053-1601-9 035 $a000114697 035 $aFED01000114697 035 $a(Aleph)000114697FED01 035 $a000114697 100 $a20000920d198-----km-y0itay50------ba 101 0 $aeng 200 1 $a<>introduction to chaotic dynamical systems$fRobert L Devaney 210 $aMenlo Park$dReading$dDon Mills$cBenjamin/Cummings$d1986 700 1$aDevaney,$bRobert L.$021043 801 0$aIT$bUNINA$gRICA$2UNIMARC 901 $aBK 912 $a990001146970403321 952 $a114-C-31$b3526$fMA1 959 $aMA1 996 $aIntroduction to chaotic dynamical systems$9126545 997 $aUNINA